San Martín y Bolívar. Entrevista de Guayaquil. 1822
Αποθηκεύτηκε σε:
| Κύριος συγγραφέας: | |
|---|---|
| Μορφή: | Βιβλίο |
| Γλώσσα: | Ισπανικά |
| Έκδοση: |
Buenos Aires
Imprenta de Tomás Godoy, Chacabuco 107
1873
|
| Έκδοση: | 1a. ed |
| Σειρά: | Recuerdos Históricos
|
| Θέματα: | |
| Ετικέτες: |
Προσθήκη ετικέτας
Δεν υπάρχουν, Καταχωρήστε ετικέτα πρώτοι!
|
MARC
| LEADER | 00000nam a2200000 a 4500 | ||
|---|---|---|---|
| 001 | UCJ6761 | ||
| 003 | CL-VaPUC | ||
| 008 | 070124e18730000AG |||||||||||||||||spa|d | ||
| 082 | 0 | 4 | |a 980 |b ESP |2 21 |
| 100 | 0 | |a Espejo, Gerónimo |e author |9 514049 | |
| 245 | 1 | 0 | |a San Martín y Bolívar. Entrevista de Guayaquil. 1822 |
| 250 | |a 1a. ed | ||
| 300 | |a 245 p | ||
| 942 | |c BK | ||
| 945 | |d 20070124 00:00:00 |a rinostro | ||
| 260 | |a Buenos Aires |b Imprenta de Tomás Godoy, Chacabuco 107 |c 1873 | ||
| 500 | |a 4§ mayor, media pasta.- Anteport.- v.: Propiedad intelectual.- Port. a dos tintas.- v. en b.- Front.: Retratos de San Martín y Bolívar, grabado | ||
| 500 | |a Por el Coronel Gerónimo Espejo, Antiguo Ayudante del Estado Mayor en el Ejército de Los Andes | ||
| 600 | 0 | |a Bolívar, Simón |d 1783-1830 |9 265422 | |
| 600 | 0 | 7 | |a SAN MARTIN, JOSE DE |2 CL-VaPUC |9 514050 |
| 600 | 0 | 7 | |a CARRANZA, ANJEL J |2 CL-VaPUC |9 514051 |
| 600 | 0 | |a Cochrane, Thomas Alexander |9 438892 | |
| 650 | 7 | |a REVOLUCION DE LA INDEPENDENCIA |2 CL-VaPUC |9 316035 | |
| 650 | 0 | |a Guerra de la independencia |9 331979 | |
| 650 | 0 | |a Biografías |9 255210 | |
| 650 | 0 | |a Iconografía |9 267998 | |
| 650 | 7 | |a DOCUMENTOS HISTORICOS |2 CL-VaPUC |9 438868 | |
| 650 | 0 | |a Correspondencia |9 258963 | |
| 651 | 0 | |a Ecuador |9 258378 | |
| 651 | 0 | |a Colombia |9 256424 | |
| 651 | 0 | |a Perú |9 256567 | |
| 583 | |a last modification |c 20070124 00:00:00 |k Rodrigo Vera | ||
| 490 | 0 | |a Recuerdos Históricos | |
| 999 | |c 322863 |d 322861 | ||
| 952 | |0 0 |1 0 |4 0 |6 980_000000000000000_ESP_1873 |7 0 |8 X |9 401992 |a FDOBUD |b FDOBUD |d 2019-11-22 |i 1052551 |o 980 ESP 1873 |p 1052551 |r 2019-11-22 |w 2019-11-22 |y BK_X |k BUD | ||